MUSIC - Playboi Carti - Statistics

General Stats
  • This quiz has been taken 541 times
  • The average score is 22 of 30
Answer Stats
Song Title Features % Correct
POP OUT
94%
RATHER LIE the Weeknd
92%
CRUSH Travis Scott
90%
TOXIC Skepta
89%
GOOD CREDIT Kendrick Lamar
86%
EVIL J0RDAN
85%
MOJO JOJO Kendrick Lamar
84%
TWIN TRIM Lil Uzi Vert
84%
TRIM Future
83%
BACKD00R Kendrick Lamar
82%
PHILLY Travis Scott
82%
K POP
80%
WE NEED ALL DA VIBES Ty Dolla Sign, Young Thug
77%
JUMPIN Lil Uzi Vert
76%
SOUTH ATLANTA BABY
76%
CHARGE DEM HOES A FEE Future, Travis Scott
75%
WAKE UP F1LTHY Travis Scott
73%
HBA
72%
OPM BABI
71%
RADAR
71%
CRANK
67%
OLYMPIAN
66%
OVERLY
66%
MUNYUN
64%
FINE SHIT
63%
WALK
63%
COCAINE NOSE
59%
LIKE WEEZY
59%
DIS 1 GOT IT
52%
I SEEEEEE YOU BABY BOI
51%
No matching quizzes found
Score Distribution
Percent of People with Each Score
Percentile by Number Answered
Your Score History
You have not taken this quiz